Farm Animals - Statistics

General Stats
  • This quiz has been taken 2,496 times
    2,491 since last reset
  • The average score is 12 of 14
Answer Stats
Hint Answer % Correct
Moo Cow
100%
Woof Dog
99%
Quack Duck
99%
Meow Cat
98%
Oink! pig
97%
baaa sheep
95%
Nayy Horse
92%
peck peck chicken
81%
HOOT owl
81%
Eoorrr Donkey
80%
cockadoodle doo cockerel
79%
chirp bird
74%
sqweek mouse
71%
bleet goat
67%
No matching quizzes found
Score Distribution
Percent of People with Each Score
Percentile by Number Answered
Your Score History
You have not taken this quiz since the last reset